LEADER 00776nam a2200193 i 4500 001 000000242928 003 CaOOAMICUS 005 20150618000000.0 008 150618s1800 it u000 u ita u 013 $a221833 026 $avan- 2.B. 7.ne (3(2 (3) 1800 (R) 040 $aSeMil$bita 245 10$aParte 1. 300 $aXVI, 283, [1] p. 500 $aSegn. : pg8 A-R8 S6. 773 0 $tRitiro spirituale di alcuni giorni per gli cherici regolari di S. Paolo detti barnabiti disposto da un sacerdote della stessa congregazione. Parte 1. [-2.].$dIn Milano : Dalla Tipografia di Antonio Guerrini, 1800.$g1$w()32069 850 $aSeMil 852 $aSeMil$W1$xVenegono$y1$m3F II 316 FA$j193274$B193274$CSeMilBibl$Z2$F204070 $8I 996 $6245$aParte 1$9(OLS)http://semarc/title/49080 LEADER 01296nam a2200265 i 4500 001 000000106627 003 CaOOAMICUS 005 20020731000000.0 008 020731s2002 it u000 u ita u 013 $a78821 020 $a88-10-30227-3 040 $aSeMil$bita 100 1 $aBulgarelli, Valentino,$c.$0(OLS)http://semarc/name/44854 245 12$aL'immagine della rugiada nel libro di Osea :$buso molteplice di una figura nella Bibbia ebraica e nella Settanta /$cValentino Bulgarelli. 260 $aBologna :$bEDB,$c2002. 300 $a196 p. ;$c24 cm. 490 0 $aSupplementi alla Rivista Biblica ;$v39 650 4$aBibbia. Antico Testamento. Osea - Commentari, studi, critica, interpretazioni.$0(OLS)http://semarc/subject/6990 830 0$aSupplementi alla Rivista Biblica ;$v39.$0(OLS)http://semarc/title/12 850 $aSeMil 852 $aSeMil$W1$xVenegono$y1$m2XA K 39$j62743$B62743$CSeMilBibl$Z2$F71896 $81 961 $aSottoscrizione: Cittą Nuova (Agente) 996 $6020$a88-10-30227-3$9(OLS)http://semarc/number/87375 996 $6245$aL'immagine della rugiada nel libro di Osea :$buso molteplice di una figura nella Bibbia ebraica e nella Settanta$9(OLS)http://semarc/title/154667 996 $6260$aBologna :$bEDB$9(OLS)http://semarc/publisher/29669